| 000 | 005620000a22001810004500 | ||
|---|---|---|---|
| 090 |
_aAR _b00689 |
||
| 245 | 1 | 0 | _aSubstrate preference of lauranceae and ferns in the Iquitos area, Peru |
| 650 | 1 | 4 |
_aSuelos _9287 |
| 650 | 1 | 4 |
_aDistribución _992865 |
| 650 | 1 | 4 |
_aEcología vegetal _9353 |
| 650 | 1 | 4 |
_aRiqueza de especies _93326 |
| 651 | 4 |
_mIquitos _pPerú _992749 |
|
| 653 | _fLauraceae | ||
| 041 | 0 | _aInglés | |
| 100 | 1 |
_aWerff, Henk Van Der _993836 |
|
| 942 | _cARTICULO | ||
| 773 | 1 |
_tCadollea: Journal International Botanique Systematique _3779 _h47b _q11-20 _d1992 |
|
| 999 |
_c9780 _d9780 |
||